[Event "Montigny le Bretonneux op 21st"]
[Site "Montigny le Bretonneux"]
[Date "2023.10.27"]
[Round "7"]
[White "Forissier, Nicolas"]
[Black "Fruchard, Cyrille"]
[Result "0-1"]
[WhiteElo "1878"]
[BlackElo "2323"]
[PlyCount "58"]
[EventDate "2023.10.21"]
[EventType "swiss"]
[EventRounds "7"]
[EventCountry "FRA"]
[SourceTitle "Mega2024 Update 01"]
[Source "Chessbase"]
[SourceDate "2023.11.12"]
[SourceVersion "1"]
[SourceVersionDate "2023.11.12"]
[SourceQuality "1"]

1. d4 d5 2. c4 e6 3. Nc3 Nf6 4. e3 c6 5. Nf3 Nbd7 6. Bd3 Bd6 7. e4 dxc4 8. Bxc4 b5 9. Bd3 e5 10. 0-0 0-0 11. d5 cxd5 12. Nxd5 Nxd5 13. exd5 Rb8 14. Bc2 h6 15. Be3 a6 16. Qd2 f5 17. a4 f4 18. Qd3 Nf6 19. Bxf4 e4 20. Qd2 exf3 21. Bxh6 gxh6 22. Qxh6 Qc7 23. Bg6 Qg7 24. Qg5 Ng4 25. h4 Be7 26. Qh5 Rb6 27. d6 Rxd6 28. Be4 Ne5 29. g3 Rh6 0-1

[Event "Paris-ch IdF"]
[Site "Paris"]
[Date "2022.07.17"]
[Round "9"]
[White "Fruchard, Cyrille"]
[Black "Micottis, Dorian"]
[Result "1/2-1/2"]
[WhiteElo "2307"]
[BlackElo "2263"]
[PlyCount "166"]
[EventDate "2022.07.12"]
[EventType "swiss"]
[EventRounds "9"]
[EventCountry "FRA"]
[SourceTitle "CBM 209 Extra"]
[Source "ChessBase"]
[SourceDate "2022.09.30"]
[SourceVersion "1"]
[SourceVersionDate "2022.09.30"]
[SourceQuality "1"]

1. d4 Nf6 2. Nf3 g6 3. g3 Bg7 4. Bg2 d5 5. c4 c6 6. Nc3 dxc4 7. Ne5 Be6 8. e4 Nbd7 9. f4 0-0 10. Nf3 Bg4 11. h3 Bxf3 12. Qxf3 e6 13. Be3 b5 14. g4 Qa5 15. 0-0 b4 16. Ne2 c5 17. g5 Nh5 18. e5 Nb6 19. dxc5 Nd5 20. Rfc1 Qa6 21. Bf1 Rfc8 22. b3 cxb3 23. axb3 Qd3 24. Kf2 Qxb3 25. Bd4 Qxf3+ 26. Kxf3 a5 27. Ra4 Bf8 28. h4 b3 29. Ke4 b2 30. Bxb2 Rxc5 31. Rxc5 Bxc5 32. Kd3 Nb6 33. Ra1 a4 34. Bc1 a3 35. Bg2 Ra7 36. Nc3 Rd7+ 37. Kc2 Nc4 38. Bf3 Ng3 39. Ra2 Be3 40. Bxe3 Nxe3+ 41. Kb3 Nef5 42. Bg4 Rd4 43. Bxf5 gxf5 44. Rg2 Nh5 45. Nb5 Rxf4 46. Rc2 Rxh4 47. Nd6 Rh3+ 48. Ka2 Rg3 49. Ne8 Rxg5 50. Rc8 f6 51. Nxf6+ Kf7 52. Rc7+ Kg6 53. Nxh7 Rg2+ 54. Kxa3 f4 55. Nf8+ Kf5 56. Re7 f3 57. Rf7+ Ke4 58. Nxe6 f2 59. Nc5+ Kd5 60. Nd3 Rg3 61. Rxf2 Rxd3+ 62. Kb4 Kxe5 63. Re2+ Kd4 64. Rh2 Nf6 65. Kb5 Rc3 66. Rd2+ Ke5 67. Kb4 Rc8 68. Re2+ Ne4 69. Re1 Kd4 70. Rd1+ Ke3 71. Rd7 Rb8+ 72. Kc4 Nd2+ 73. Kc5 Rc8+ 74. Kd5 Ne4 75. Ra7 Nc3+ 76. Ke6 Rc6+ 77. Kd7 Rh6 78. Ra1 Kd4 79. Rg1 Kc5 80. Rc1 Kd4 81. Rg1 Ne4 82. Rd1+ Ke5 83. Re1 Kd5 1/2-1/2

[Event "Paris-ch IdF"]
[Site "Paris"]
[Date "2022.07.16"]
[Round "8"]
[White "Belenkaya, Dina"]
[Black "Fruchard, Cyrille"]
[Result "1-0"]
[WhiteElo "2256"]
[BlackElo "2307"]
[PlyCount "81"]
[EventDate "2022.07.12"]
[EventType "swiss"]
[EventRounds "9"]
[EventCountry "FRA"]
[SourceTitle "CBM 209 Extra"]
[Source "ChessBase"]
[SourceDate "2022.09.30"]
[SourceVersion "1"]
[SourceVersionDate "2022.09.30"]
[SourceQuality "1"]

1. e4 c6 2. d4 d5 3. e5 Bf5 4. Bd3 Bxd3 5. Qxd3 e6 6. Ne2 Qa5+ 7. Nbc3 Qa6 8. Qh3 Nd7 9. 0-0 Ne7 10. a4 h5 11. Bg5 Qb6 12. a5 Qc7 13. Nf4 Nf5 14. Rfd1 Nxd4 15. Rxd4 Qxe5 16. Qh4 Qxd4 17. Nfxd5 Qe5 18. Bf4 g5 19. Bxe5 gxh4 20. Nc7+ Kd8 21. Nxe6+ fxe6 22. Bxh8 Bh6 23. Ne4 Ke7 24. Bc3 c5 25. Rd1 Rf8 26. Rd3 Rf4 27. f3 Rf8 28. Be1 Ne5 29. Rb3 b6 30. axb6 axb6 31. Bxh4+ Kd7 32. Rxb6 Be3+ 33. Bf2 Nc4 34. Ra6 Rc8 35. b3 Bxf2+ 36. Kxf2 Ne5 37. Nf6+ Ke7 38. Nxh5 c4 39. Nf4 cxb3 40. Rxe6+ Kf7 41. Rxe5 1-0

[Event "Paris-ch IdF"]
[Site "Paris"]
[Date "2022.07.14"]
[Round "3"]
[White "Fruchard, Cyrille"]
[Black "Valuet, Bertrand"]
[Result "1/2-1/2"]
[WhiteElo "2307"]
[BlackElo "2263"]
[PlyCount "116"]
[EventDate "2022.07.12"]
[EventType "swiss"]
[EventRounds "9"]
[EventCountry "FRA"]
[SourceTitle "CBM 209 Extra"]
[Source "ChessBase"]
[SourceDate "2022.09.30"]
[SourceVersion "1"]
[SourceVersionDate "2022.09.30"]
[SourceQuality "1"]

1. d4 Nf6 2. c3 d6 3. Bg5 Nbd7 4. Nd2 e5 5. Ngf3 h6 6. Bxf6 Qxf6 7. e3 g6 8. Bd3 Bg7 9. h4 d5 10. dxe5 Nxe5 11. Nxe5 Qxe5 12. h5 0-0 13. Nf3 Qf6 14. Qc2 g5 15. Qa4 Bf5 16. Bxf5 Qxf5 17. 0-0-0 c6 18. Qc2 Qxc2+ 19. Kxc2 Rfe8 20. Nd4 Bxd4 21. cxd4 Re4 22. Kd3 Rae8 23. b4 f5 24. g3 Kf7 25. b5 cxb5 26. Rb1 a6 27. a4 bxa4 28. Rxb7+ R8e7 29. Rb4 f4 30. gxf4 gxf4 31. Rh3 Kf6 32. Rxa4 R7e6 33. Ra5 Rd6 34. Rxd5 Rxe3+ 35. fxe3 Rxd5 36. Ke4 Rf5 37. exf4 Rb5 38. Rc3 Rb6 39. f5 a5 40. Rg3 Kf7 41. Rg6 Rb8 42. Rxh6 Ra8 43. Rb6 a4 44. Rb2 Re8+ 45. Kd3 Kf6 46. Rb6+ Kxf5 47. Ra6 Kg5 48. d5 Kxh5 49. Kd4 Kg5 50. Kc5 Kf5 51. Kc6 Rd8 52. Ra7 Ke5 53. Re7+ Kd4 54. d6 Kc3 55. Ra7 Kb3 56. Kc7 Rxd6 57. Kxd6 a3 58. Rxa3+ Kxa3 1/2-1/2

[Event "Montigny le Bretonneux op 24th"]
[Site "Montigny le Bretonneux"]
[Date "2022.05.29"]
[Round "9"]
[White "Fruchard, Cyrille"]
[Black "Belardello, Mario Jovani"]
[Result "1-0"]
[WhiteElo "2302"]
[BlackElo "1738"]
[PlyCount "59"]
[EventDate "2022.05.26"]
[EventType "swiss"]
[EventRounds "9"]
[EventCountry "FRA"]
[SourceTitle "CBM 208 Extra"]
[Source "ChessBase"]
[SourceDate "2022.07.31"]
[SourceVersion "1"]
[SourceVersionDate "2022.07.31"]
[SourceQuality "1"]

1. d4 d5 2. c4 c6 3. Nc3 Nf6 4. e3 a6 5. a4 g6 6. Nf3 Bg7 7. Qb3 0-0 8. Be2 e6 9. 0-0 Re8 10. a5 Nbd7 11. Rd1 Qe7 12. Bd2 dxc4 13. Bxc4 Nd5 14. e4 Nxc3 15. bxc3 h6 16. e5 Qd8 17. Be3 b5 18. axb6 Nxb6 19. Bf1 Nd5 20. Bd2 a5 21. c4 Ne7 22. Qa4 Qc7 23. Bxa5 Qa7 24. Qc2 Ba6 25. Bb4 Qd7 26. Bc5 Reb8 27. Nd2 Bf8 28. Ne4 Bg7 29. Bd6 Rc8 30. Nc5 1-0

[Event "Montigny le Bretonneux op 24th"]
[Site "Montigny le Bretonneux"]
[Date "2022.05.29"]
[Round "8"]
[White "Fruchard, Cyrille"]
[Black "Divies, Renaud"]
[Result "1/2-1/2"]
[WhiteElo "2302"]
[BlackElo "1936"]
[PlyCount "44"]
[EventDate "2022.05.26"]
[EventType "swiss"]
[EventRounds "9"]
[EventCountry "FRA"]
[SourceTitle "CBM 208 Extra"]
[Source "ChessBase"]
[SourceDate "2022.07.31"]
[SourceVersion "1"]
[SourceVersionDate "2022.07.31"]
[SourceQuality "1"]

1. d4 Nf6 2. Bg5 g6 3. Bxf6 exf6 4. g3 Bg7 5. Bg2 0-0 6. e4 Re8 7. Ne2 b6 8. Nbc3 Bb7 9. d5 c5 10. h4 h5 11. g4 hxg4 12. h5 f5 13. hxg6 fxg6 14. Qd2 Qf6 15. exf5 gxf5 16. 0-0-0 b5 17. Nf4 b4 18. Nh5 Qh6 19. Nb5 Qxd2+ 20. Rxd2 Be5 21. Kd1 Na6 22. Ng3 f4 1/2-1/2

[Event "Montigny le Bretonneux op 24th"]
[Site "Montigny le Bretonneux"]
[Date "2022.05.29"]
[Round "7"]
[White "Maurel, Christophe"]
[Black "Fruchard, Cyrille"]
[Result "1/2-1/2"]
[WhiteElo "1562"]
[BlackElo "2302"]
[PlyCount "72"]
[EventDate "2022.05.26"]
[EventType "swiss"]
[EventRounds "9"]
[EventCountry "FRA"]
[SourceTitle "CBM 208 Extra"]
[Source "ChessBase"]
[SourceDate "2022.07.31"]
[SourceVersion "1"]
[SourceVersionDate "2022.07.31"]
[SourceQuality "1"]

1. e4 c6 2. d4 d5 3. e5 Bf5 4. Be2 e6 5. Nf3 Nd7 6. 0-0 Ne7 7. Re1 a6 8. Nbd2 c5 9. c3 h6 10. a3 Nc6 11. b4 cxd4 12. cxd4 Be7 13. Nb3 a5 14. b5 Na7 15. a4 Rc8 16. Bd3 Bxd3 17. Qxd3 0-0 18. Bd2 b6 19. h3 Qc7 20. Rac1 Qb8 21. Nh2 Rxc1 22. Rxc1 Rc8 23. f4 Rxc1+ 24. Bxc1 f5 25. g4 g6 26. Bd2 Qc7 27. Qc3 Qxc3 28. Bxc3 Bd8 29. gxf5 exf5 30. Kg2 Kf7 31. Kg3 Nf8 32. Nf3 g5 33. Nc1 Ne6 34. Nd3 Nc8 35. Bd2 Kg6 36. Be3 Be7 1/2-1/2

[Event "Montigny le Bretonneux op 19th"]
[Site "Montigny le Bretonneux"]
[Date "2021.10.27"]
[Round "5"]
[White "Gouanelle, Franck"]
[Black "Fruchard, Cyrille"]
[Result "0-1"]
[WhiteElo "2029"]
[BlackElo "2278"]
[PlyCount "78"]
[EventDate "2021.10.23"]
[EventType "swiss"]
[EventRounds "7"]
[EventCountry "FRA"]
[SourceTitle "CBM 204 Extra"]
[Source "ChessBase"]
[SourceDate "2021.11.30"]
[SourceVersion "1"]
[SourceVersionDate "2021.11.30"]
[SourceQuality "1"]

1. d4 d5 2. Bf4 Nf6 3. e3 c5 4. c3 Nc6 5. Nd2 Qb6 6. Qb3 Bf5 7. dxc5 Qxb3 8. axb3 e5 9. Bg3 Bxc5 10. b4 Bd6 11. b5 Nb8 12. Ngf3 Nbd7 13. Rd1 Ke7 14. Nh4 Be6 15. Be2 g5 16. Nhf3 h6 17. h3 Rhc8 18. 0-0 Ne4 19. Nxe4 dxe4 20. Nd2 f5 21. Rfe1 Nf6 22. Ra1 f4 23. Bh2 Bc5 24. Bf1 Rd8 25. Nc4 Bxc4 26. Bxc4 Rd2 27. Rab1 Bb6 28. Kf1 Rf8 29. Re2 fxe3 30. Bxe5 Nh5 31. Ke1 Rxf2 32. Rxf2 Rxf2 33. Bf1 Nf4 34. Bxf4 gxf4 35. b4 f3 36. gxf3 exf3 37. c4 Bd4 38. Rb3 Ra2 39. Bd3 Bc3+ 0-1

[Event "Montigny le Bretonneux op 19th"]
[Site "Montigny le Bretonneux"]
[Date "2021.10.25"]
[Round "3"]
[White "Forissier, Nicolas"]
[Black "Fruchard, Cyrille"]
[Result "0-1"]
[WhiteElo "1918"]
[BlackElo "2278"]
[PlyCount "76"]
[EventDate "2021.10.23"]
[EventType "swiss"]
[EventRounds "7"]
[EventCountry "FRA"]
[SourceTitle "CBM 204 Extra"]
[Source "ChessBase"]
[SourceDate "2021.11.30"]
[SourceVersion "1"]
[SourceVersionDate "2021.11.30"]
[SourceQuality "1"]

1. d4 d5 2. c4 e6 3. Nc3 Nf6 4. e3 c6 5. Nf3 Nbd7 6. Bd3 Bd6 7. 0-0 0-0 8. e4 dxc4 9. Bxc4 e5 10. Bg5 h6 11. Bh4 Qe7 12. d5 Nb6 13. Bb3 cxd5 14. Nxd5 Nbxd5 15. Bxd5 g5 16. Bg3 Nxd5 17. Qxd5 Be6 18. Qd2 Rfd8 19. h4 f6 20. hxg5 hxg5 21. Qe2 Rac8 22. Rfc1 Bc5 23. b3 Kg7 24. Rc2 Bb6 25. Rac1 Rxc2 26. Rxc2 Bg4 27. Rd2 Bxf3 28. gxf3 Bd4 29. Qc4 Qd7 30. Rc2 Qh3 31. Qc7+ Rd7 32. Qc8 Qxg3+ 33. Kf1 Qh3+ 34. Ke2 Qe6 35. Rc7 Qa6+ 36. Kd1 Qf1+ 37. Kd2 Be3+ 38. Kc3 Qc1+ 0-1

[Event "Montigny le Bretonneux Noel op 20th"]
[Site "Montigny le Bretonneux"]
[Date "2019.12.29"]
[Round "5"]
[White "Fruchard, Cyrille"]
[Black "Imbert, Christophe"]
[Result "1-0"]
[WhiteElo "2283"]
[BlackElo "1955"]
[PlyCount "61"]
[EventDate "2019.12.27"]
[EventType "swiss"]
[EventRounds "7"]
[EventCountry "FRA"]
[SourceTitle "CBM 194 Extra"]
[Source "ChessBase"]
[SourceDate "2020.03.31"]
[SourceVersion "1"]
[SourceVersionDate "2020.03.31"]
[SourceQuality "1"]

1. d4 Nf6 2. c4 g6 3. Nf3 Bg7 4. Nc3 d6 5. e4 0-0 6. Be2 e5 7. 0-0 Nc6 8. d5 Ne7 9. b4 Nh5 10. Re1 a5 11. Ba3 axb4 12. Bxb4 f5 13. c5 fxe4 14. Nxe4 Rf4 15. cxd6 cxd6 16. Nfd2 Nf6 17. Bf3 Nexd5 18. Bxd6 Ne8 19. Nc4 Nxd6 20. Nexd6 Rd4 21. Bxd5+ Kf8 22. Qf3+ Rf4 23. Qb3 Bf6 24. Rad1 Bg4 25. f3 Bd7 26. Nb6 Ba4 27. Nxa4 Qxd6 28. Bxb7 Qb8 29. Bxa8 Qxa8 30. Nb6 Qa5 31. Nd5 1-0

[Event "Montigny le Bretonneux Noel op 20th"]
[Site "Montigny le Bretonneux"]
[Date "2019.12.28"]
[Round "3"]
[White "Fruchard, Cyrille"]
[Black "Claisse, Patrick"]
[Result "1-0"]
[WhiteElo "2283"]
[BlackElo "1742"]
[PlyCount "95"]
[EventDate "2019.12.27"]
[EventType "swiss"]
[EventRounds "7"]
[EventCountry "FRA"]
[SourceTitle "CBM 194 Extra"]
[Source "ChessBase"]
[SourceDate "2020.03.31"]
[SourceVersion "1"]
[SourceVersionDate "2020.03.31"]
[SourceQuality "1"]

1. e4 c5 2. Nf3 d6 3. Bb5+ Bd7 4. Qe2 Bxb5 5. Qxb5+ Qd7 6. Qxd7+ Nxd7 7. c4 e6 8. Nc3 a6 9. d3 Ngf6 10. h3 Be7 11. 0-0 0-0 12. g4 h6 13. Bd2 Nb6 14. Rfe1 Rfe8 15. a4 Rad8 16. Rad1 d5 17. e5 Nh7 18. b3 d4 19. Ne4 f6 20. Ba5 Nd7 21. Bxd8 Rxd8 22. exf6 Nhxf6 23. Nxf6+ Bxf6 24. Kg2 Kf7 25. Nd2 Be7 26. f4 Bd6 27. Ne4 Be7 28. Rf1 Nf6 29. Rde1 Nxe4 30. Rxe4 Bd6 31. f5 e5 32. Kf3 a5 33. Re2 Bc7 34. h4 Ra8 35. Ke4 Rd8 36. Rg2 Rd7 37. g5 h5 38. g6+ Kg8 39. Rg5 Bd8 40. Rxh5 Bf6 41. Rh7 Rd6 42. h5 Rb6 43. Rb1 Rd6 44. h6 b6 45. Rh1 Rd8 46. hxg7 Bxg7 47. Rxg7+ Kxg7 48. Rh7+ 1-0

[Event "Montigny le Bretonneux Noel op 20th"]
[Site "Montigny le Bretonneux"]
[Date "2019.12.28"]
[Round "4"]
[White "Surugue, Philippe"]
[Black "Fruchard, Cyrille"]
[Result "0-1"]
[WhiteElo "1867"]
[BlackElo "2283"]
[PlyCount "132"]
[EventDate "2019.12.27"]
[EventType "swiss"]
[EventRounds "7"]
[EventCountry "FRA"]
[SourceTitle "CBM 194 Extra"]
[Source "ChessBase"]
[SourceDate "2020.03.31"]
[SourceVersion "1"]
[SourceVersionDate "2020.03.31"]
[SourceQuality "1"]

1. d4 Nf6 2. Nf3 g6 3. Bg5 Bg7 4. c3 d5 5. Nbd2 Nbd7 6. e3 0-0 7. Bd3 b6 8. Ne5 Nxe5 9. dxe5 Ng4 10. Nf3 f6 11. exf6 exf6 12. Bh4 Qd6 13. Bg3 Ne5 14. Nh4 Qe7 15. 0-0 Bb7 16. Re1 Nxd3 17. Qxd3 Rad8 18. Rad1 c5 19. Qc2 Bc6 20. c4 dxc4 21. Qxc4+ Qf7 22. Qxf7+ Kxf7 23. Nf3 Ke7 24. b3 Rxd1 25. Rxd1 Rd8 26. Rxd8 Kxd8 27. Nd2 Bd5 28. e4 Be6 29. Bf4 Kd7 30. Kf1 Kc6 31. Ke2 b5 32. Kd3 f5 33. f3 fxe4+ 34. fxe4 a6 35. h4 Bf6 36. g3 Bd8 37. Bh6 Bf6 38. Bf4 Bg4 39. Be3 Bd1 40. Bf4 Ba1 41. Be3 a5 42. Bf4 a4 43. Bh6 axb3 44. axb3 Bb2 45. Bf4 Bc1 46. Kc3 b4+ 47. Kd3 Bxd2 48. Kxd2 Bxb3 49. Be5 Be6 50. Kd3 Kb5 51. Bf6 Ka4 52. Kc2 c4 53. Bd4 h5 54. Be5 Bd7 55. Bd4 Bc6 56. e5 Bd7 57. Bb2 Kb5 58. Bd4 Bf5+ 59. Kd2 c3+ 60. Bxc3 bxc3+ 61. Kxc3 Kc5 62. Kd2 Kd5 63. Ke3 Kxe5 64. Kf3 Be4+ 65. Kf2 Kf5 66. Kg1 Kg4 0-1

[Event "Montigny le Bretonneux Noel op 19th"]
[Site "Montigny le Bretonneux"]
[Date "2018.12.29"]
[Round "5"]
[White "Imbert, Christophe"]
[Black "Fruchard, Cyrille"]
[Result "1/2-1/2"]
[WhiteElo "1978"]
[BlackElo "2265"]
[PlyCount "130"]
[EventDate "2018.12.26"]
[EventType "swiss"]
[EventRounds "7"]
[EventCountry "FRA"]
[SourceTitle "CBM 188 Extra"]
[Source "ChessBase"]
[SourceDate "2019.02.26"]
[SourceVersion "1"]
[SourceVersionDate "2019.02.26"]
[SourceQuality "1"]

1. e4 e6 2. d4 d5 3. Nc3 Nf6 4. Bg5 Be7 5. e5 Nfd7 6. h4 Bxg5 7. hxg5 Qxg5 8. Nh3 Qe7 9. Qg4 g6 10. 0-0-0 Nc6 11. Qf4 h6 12. Qe3 Nb6 13. f3 Bd7 14. Nf2 0-0-0 15. Rxh6 Rxh6 16. Qxh6 Rg8 17. Ng4 Qf8 18. Qxf8+ Rxf8 19. Nh6 Nd8 20. Kd2 Rh8 21. Ng4 Na4 22. Nxa4 Bxa4 23. b3 Bc6 24. Ke3 Kd7 25. c4 dxc4 26. bxc4 b6 27. d5 Ba4 28. Rd4 Nb7 29. Nf6+ Ke7 30. Ne4 Bc2 31. Bd3 Bxd3 32. Rxd3 Rd8 33. Rd4 Rh8 34. Ng5 exd5 35. cxd5 f6 36. exf6+ Kxf6 37. Ne4+ Ke7 38. Kf4 Nd6 39. Ng5 Rh1 40. Rd2 Nc4 41. Re2+ Kd6 42. Ke4 Rd1 43. Nf7+ Kc5 44. f4 Rxd5 45. Rc2 Rd4+ 46. Kf3 Kd5 47. Re2 c5 48. Ne5 Nxe5+ 49. Rxe5+ Kc6 50. g4 c4 51. Ke3 Rd6 52. a4 c3 53. Re8 Kd7 54. Re4 c2 55. Rc4 Rc6 56. Rxc6 Kxc6 57. Kd2 Kd5 58. Kxc2 Ke4 59. f5 gxf5 60. gxf5 Kxf5 61. Kc3 Ke6 62. a5 b5 63. a6 Kd5 64. Kb4 Kc6 65. Ka5 Kc5 1/2-1/2

[Event "Montigny le Bretonneux Noel op 19th"]
[Site "Montigny le Bretonneux"]
[Date "2018.12.27"]
[Round "2"]
[White "Fruchard, Cyrille"]
[Black "Suinot, Laurent"]
[Result "1-0"]
[WhiteElo "2265"]
[BlackElo "1712"]
[PlyCount "65"]
[EventDate "2018.12.26"]
[EventType "swiss"]
[EventRounds "7"]
[EventCountry "FRA"]
[SourceTitle "CBM 188 Extra"]
[Source "ChessBase"]
[SourceDate "2019.02.26"]
[SourceVersion "1"]
[SourceVersionDate "2019.02.26"]
[SourceQuality "1"]

1. d4 Nf6 2. c4 e6 3. Nc3 d5 4. cxd5 exd5 5. Bg5 Be7 6. e3 c6 7. Bd3 Be6 8. Nge2 Ng4 9. Bf4 Bd6 10. 0-0 0-0 11. e4 dxe4 12. Nxe4 Bxf4 13. Nxf4 Bc8 14. Bc2 Na6 15. d5 cxd5 16. Nxd5 Nc7 17. Ndc3 Qxd1 18. Raxd1 Be6 19. h3 Nh6 20. Nd6 b6 21. f4 f5 22. Rfe1 g6 23. Rxe6 Nxe6 24. Bb3 Rfe8 25. Nxe8 Rxe8 26. Rd6 Kf7 27. Nb5 Re7 28. Rxe6 Rxe6 29. Nd4 Kf6 30. Bxe6 Nf7 31. Bxf7 Kxf7 32. Kf2 Ke7 33. Nc6+ 1-0

[Event "Montigny le Bretonneux Noel op 19th"]
[Site "Montigny le Bretonneux"]
[Date "2018.12.27"]
[Round "1"]
[White "Masson, Guillaume"]
[Black "Fruchard, Cyrille"]
[Result "0-1"]
[WhiteElo "1553"]
[BlackElo "2265"]
[PlyCount "62"]
[EventDate "2018.12.26"]
[EventType "swiss"]
[EventRounds "7"]
[EventCountry "FRA"]
[SourceTitle "CBM 188 Extra"]
[Source "ChessBase"]
[SourceDate "2019.02.26"]
[SourceVersion "1"]
[SourceVersionDate "2019.02.26"]
[SourceQuality "1"]

1. e4 e6 2. d4 d5 3. exd5 exd5 4. Nf3 Bd6 5. Bg5 Ne7 6. Bd3 f6 7. Bh4 0-0 8. Bg3 Bg4 9. Nbd2 Ng6 10. Bxg6 hxg6 11. Bxd6 Re8+ 12. Kf1 Qxd6 13. h3 Bd7 14. c3 Bb5+ 15. Kg1 Nd7 16. Qc2 Nf8 17. a4 Bd7 18. g3 Re2 19. Re1 Rxe1+ 20. Nxe1 Qa6 21. Nd3 Bf5 22. c4 dxc4 23. Nxc4 Ne6 24. b3 Nxd4 25. Qd1 Qc6 26. Nb4 Qe4 27. Nd2 Qe7 28. Nd5 Qe5 29. Ne3 Rd8 30. Kg2 Be4+ 31. Nxe4 Qxe4+ 0-1

[Event "Montigny le Bretonneux Noel op 17th"]
[Site "Montigny le Bretonneux"]
[Date "2016.12.30"]
[Round "7"]
[White "Fruchard, Cyrille"]
[Black "Benbakir, Chouaib"]
[Result "1-0"]
[WhiteElo "2084"]
[BlackElo "1729"]
[PlyCount "43"]
[EventDate "2016.12.26"]
[EventType "swiss"]
[EventRounds "7"]
[EventCountry "FRA"]
[SourceTitle "CBM 176 Extra"]
[Source "ChessBase"]
[SourceDate "2017.03.02"]
[SourceVersion "1"]
[SourceVersionDate "2017.03.02"]
[SourceQuality "1"]

1. d4 Nf6 2. c4 d6 3. Nc3 g6 4. e4 Bg7 5. f4 0-0 6. Nf3 c5 7. d5 e6 8. Be2 exd5 9. cxd5 Re8 10. e5 dxe5 11. fxe5 Ng4 12. e6 fxe6 13. d6 a6 14. a4 Nc6 15. 0-0 Nd4 16. Ne4 Qb6 17. Nxd4 Bxd4+ 18. Kh1 Qc6 19. Qc2 Ne5 20. Nf6+ Kg7 21. Qd2 Nf7 22. Bf3 1-0

[Event "Montigny le Bretonneux Noel op 17th"]
[Site "Montigny le Bretonneux"]
[Date "2016.12.29"]
[Round "5"]
[White "Fruchard, Cyrille"]
[Black "Van Dongen, Patrick"]
[Result "1-0"]
[WhiteElo "2084"]
[BlackElo "2311"]
[PlyCount "59"]
[EventDate "2016.12.26"]
[EventType "swiss"]
[EventRounds "7"]
[EventCountry "FRA"]
[SourceTitle "CBM 176 Extra"]
[Source "ChessBase"]
[SourceDate "2017.03.02"]
[SourceVersion "1"]
[SourceVersionDate "2017.03.02"]
[SourceQuality "1"]

1. d4 d5 2. c4 c6 3. Nc3 Nf6 4. e3 a6 5. a4 Bf5 6. Qb3 Ra7 7. a5 e6 8. Qb6 Qxb6 9. axb6 Ra8 10. c5 Nbd7 11. f4 Ne4 12. Nf3 Rb8 13. Nxe4 Bxe4 14. Nd2 Nxc5 15. dxc5 Bxc5 16. Nxe4 dxe4 17. Bc4 Bxb6 18. Ke2 Ke7 19. Bd2 Bc5 20. Rhd1 Rbd8 21. Be1 f6 22. Bb3 Rxd1 23. Rxd1 Bd6 24. Bc2 f5 25. g4 h6 26. Bc3 Rh7 27. gxf5 exf5 28. Bb3 b5 29. Rg1 g5 30. Bg8 1-0

[Event "Montigny le Bretonneux-A 15th"]
[Site "Montigny le Bretonneux"]
[Date "2016.10.26"]
[Round "5.2"]
[White "Van Dongen, Patrick"]
[Black "Fruchard, Cyrille"]
[Result "1/2-1/2"]
[WhiteElo "2316"]
[BlackElo "2107"]
[PlyCount "37"]
[EventDate "2016.10.22"]
[EventType "tourn"]
[EventRounds "9"]
[EventCountry "FRA"]
[SourceTitle "EXT 2024"]
[Source "ChessBase"]
[SourceDate "2023.10.10"]
[SourceVersion "1"]
[SourceVersionDate "2023.10.10"]
[SourceQuality "1"]

1. e4 e6 2. d4 d5 3. Nd2 Nf6 4. e5 Nfd7 5. f4 c5 6. c3 Nc6 7. Ndf3 Qb6 8. a3 a5 9. b3 Be7 10. h4 f6 11. Bd3 Qc7 12. Ne2 0-0 13. Be3 b6 14. Qc2 h6 15. Rh3 f5 16. h5 a4 17. Bb5 axb3 18. Qxb3 Ba6 19. Bxc6 1/2-1/2

[Event "Montigny le Bretonneux 1hKO 20th"]
[Site "Montigny le Bretonneux"]
[Date "2016.05.07"]
[Round "6.1"]
[White "Fruchard, Cyrille"]
[Black "Etrog, Jonathan"]
[Result "1/2-1/2"]
[WhiteElo "2119"]
[BlackElo "2274"]
[PlyCount "36"]
[EventDate "2016.05.05"]
[EventType "swiss"]
[EventRounds "7"]
[EventCountry "FRA"]
[SourceTitle "EXT 2024"]
[Source "ChessBase"]
[SourceDate "2023.10.10"]
[SourceVersion "1"]
[SourceVersionDate "2023.10.10"]
[SourceQuality "1"]

1. d4 Nf6 2. c4 c5 3. d5 e6 4. Nc3 exd5 5. cxd5 d6 6. e4 g6 7. f4 Bg7 8. Nf3 0-0 9. Be2 Nbd7 10. 0-0 Re8 11. Qc2 Qe7 12. Nd2 Nb6 13. Re1 Bg4 14. Bf3 Qd7 15. Qd1 Rad8 16. a4 Bxf3 17. Nxf3 Nc4 18. a5 b6 1/2-1/2

[Event "Montigny le Bretonneux 1hKO 20th"]
[Site "Montigny le Bretonneux"]
[Date "2016.05.07"]
[Round "5.1"]
[White "Talvard, Gerard"]
[Black "Fruchard, Cyrille"]
[Result "1/2-1/2"]
[WhiteElo "2002"]
[BlackElo "2119"]
[PlyCount "83"]
[EventDate "2016.05.05"]
[EventType "swiss"]
[EventRounds "7"]
[EventCountry "FRA"]
[SourceTitle "EXT 2024"]
[Source "ChessBase"]
[SourceDate "2023.10.10"]
[SourceVersion "1"]
[SourceVersionDate "2023.10.10"]
[SourceQuality "1"]

1. Nf3 Nf6 2. g3 g6 3. Bg2 Bg7 4. d4 0-0 5. 0-0 d6 6. c4 Nc6 7. Nc3 a6 8. Bf4 Rb8 9. Rc1 Nh5 10. Bg5 h6 11. Be3 Kh7 12. d5 Na5 13. b3 c5 14. dxc6 bxc6 15. Nd4 Bd7 16. f4 c5 17. Nf3 Nc6 18. Bf2 Nf6 19. Qd2 Nb4 20. Rfd1 Qc7 21. h3 a5 22. e4 a4 23. e5 Ne8 24. bxa4 Qa5 25. a3 Nc6 26. Nb5 Qxa4 27. exd6 exd6 28. Nxd6 Nxd6 29. Qxd6 Rfd8 30. Qxc5 Bf8 31. Qe3 Rb3 32. Qe2 Rxa3 33. Ne5 Nxe5 34. Qxe5 Re8 35. Qf6 Bg7 36. Qxf7 Be6 37. Qb7 Kh8 38. Bc6 Qa8 39. Qxa8 Raxa8 40. Bxa8 Rxa8 41. c5 Bxh3 42. c6 1/2-1/2

[Event "Montigny le Bretonneux Noel op 16th"]
[Site "Montigny le Bretonneux"]
[Date "2015.12.30"]
[Round "7"]
[White "Fruchard, Cyrille"]
[Black "Saugrain, Marc Antoine"]
[Result "1-0"]
[WhiteElo "2195"]
[BlackElo "1573"]
[PlyCount "35"]
[EventDate "2015.12.27"]
[EventType "swiss"]
[EventRounds "7"]
[EventCountry "FRA"]
[SourceTitle "CBM 170 Extra"]
[Source "ChessBase"]
[SourceDate "2016.02.25"]
[SourceVersion "1"]
[SourceVersionDate "2016.02.25"]
[SourceQuality "1"]

1. d4 Nf6 2. c4 g6 3. Nc3 Bg7 4. e4 d6 5. f4 0-0 6. Nf3 Na6 7. Be2 e5 8. fxe5 dxe5 9. d5 Nc5 10. Qc2 a5 11. 0-0 Nfd7 12. Be3 f5 13. exf5 gxf5 14. Ng5 h6 15. Ne6 Nxe6 16. dxe6 Nb6 17. c5 Nd5 18. Nxd5 1-0